| 000 | 00598nam a22001697a 4500 | ||
|---|---|---|---|
| 005 | 20260415162318.0 | ||
| 008 | 260415b |||||||| |||| 00| 0 eng d | ||
| 020 | _a978-81-203-3863 | ||
| 050 | _aQC 23 .J 35 2010 V. 1 | ||
| 100 | _aJAIN, MAHESH C | ||
| 245 | _aTEXTBOOK OF ENGINEERING PHYSICS PART 1 | ||
| 260 |
_aNEW DELHI, _bPHI LEARNING PRIVATE LIMITED, _c2010, |
||
| 300 | _aXVi, 350 P, ILL | ||
| 500 | _aINCLUDS INDEX | ||
| 650 | _a 1. Engineering physics—Textbooks 2. Applied physics-Textbooks 3. Solid state physics 4. Optics-Textbooks 5. Quantum theory-Textbooks | ||
| 942 |
_2lcc _cBK |
||
| 999 |
_c216981 _d216981 |
||